000 00572nam a2200229 a 4500
001 BRL_1318
005 20190320211138.0
008 060114t1973----enkao#####---#000-0#eng-#
020 _a0713424028
041 _aeng
044 _aenk
050 4 _aTP930
_b.S26 1973
100 1 _aSamuel, Evelyn
_926504
245 1 0 _aIntroducing Batik
_cEvelyn Samuel.
260 _aLondon
_bB. T. Batsford
_c1973
300 _a80 p.
_bil., fotografías
_c20 cm.
500 _aAu1599
504 _aBibliografía: p. 80
650 1 4 _aBatik
_926505
902 _aGRL
942 _2lcc
_cB
999 _c10130
_d10130